00873nam a2200193 i 450000100060000000300090000600500170001500700030003200800410003510000400007624501000011626000620021630000330027850001070031171000940041885200300051299900170054295201200055967852ES-MaACL20230906170147.0t|040206s1943 sp ||||1| spa d1 aGallart Monés, Francisco.918321310aPatología abdominal clínica / cpublicada bajo la dirección de Francisco Gallart Monés. aBarcelona : bSalvat, c[1943] (fImp. Hispano-Americana) aX, 683 p. : bil. ; c27 cm. aPrecede al tít.: Escuela de Patología Digestiva del Hospital de Sta. Cruz y S. Pablo de Barcelona.2 aEscuela de Patología Digestiva del Hospital de Sta. Cruz y S. Pablo de Barcelona.93558 aES-MaACLjE-151 bR.19822 c67852d67852 00104070aATENEOMbATENEOMcDEPO2d2008-01-17eSCl0oE-151p1071036r2023-02-23 00:00:00w2023-02-23yMONOGRAFIA